Eros e civilta'

I tiakina i:
Ngā taipitopito rārangi puna kōrero
Kaituhi matua: Marcuse Herbert
Hōputu: Pukapuka
Reo:Undetermined
I whakaputaina: Milano Mondolibri 2000
Ngā Tūtohu: Tāpirihia he Tūtohu
Kāore He Tūtohu, Me noho koe te mea tuatahi ki te tūtohu i tēnei pūkete!

MARC

LEADER 00000nam a2200000Ia 4500
001 227
003 NUMERAZIONE-ORIGINALE-BRESCIA
005 20260206230750.0
008 260206s9999 xx 000 0 und d
100 |a Marcuse Herbert 
245 0 |a Eros e civilta' 
260 |a Milano 
260 |b Mondolibri 
260 |c 2000 
500 |a Novecento 
942 |2 ddc  |c BK  |n 0 
952 |0 0  |1 0  |2 ddc  |4 0  |6 14  |7 0  |9 28427  |a BS  |b BS  |d 2026-02-06  |i 227  |l 0  |o 1-4-*  |r 2026-02-06 22:40:35  |w 2026-02-06  |x [REVISIONARE]  |y BK 
999 |c 24108  |d 24108